| 000 | 00889nam a22002057a 4500 | ||
|---|---|---|---|
| 999 |
_c7076 _d7076 |
||
| 003 | AR-CdUCM | ||
| 008 | 190319b ||||| |||| 00| 0 spa d | ||
| 040 |
_aMUNICIPALIDAD PROVINCIAL DEL CUSCO _cBIBLIOTECA MUNICIPAL DEL CUSCO |
||
| 082 |
_a636.084 / _bB39 |
||
| 100 |
_aBesse, Jean _919925 |
||
| 245 | _aLa Alimentación del Ganado / | ||
| 260 |
_aEspaña : _bMundi-Prensa , _c1986. |
||
| 300 |
_a379 páginas ; _c21.5 cm. |
||
| 505 | _aContenido : Constitucion de los Alimentos -- Utilizacion de los Alimentos -- Formas de cubrir las necesidades energeticas -- Formas de cubrir las necesitades en principios nitrogenados -- Formo de cubrir las necesidades en materias grasas -- Froma de cubrir las necesidades en materias minerales... | ||
| 650 |
_aGanaderia _9321 |
||
| 650 |
_aSeguridad Alimentaria _93933 |
||
| 650 |
_aGanaderia Rural _919926 |
||
| 942 |
_2ddc _cLIBROS |
||
| 945 | _artm | ||